Restoring Order II Quiz Stats

 Plays Quiz Updated Sep 11, 2016

Also try: Restoring Order
Challenge
Share
Tweet
Embed
Score 0/28 Timer 03:00
0 Plays Today
Hint Answer % Correct
Landmarks by Year Completed
Chronological
Great Sphinx - c. 2532 BC
89.6%
Landmarks by Year Completed
Chronological
Parthenon - 438 BC
87.2%
Landmarks by Year Completed
Chronological
Hagia Sophia - 537
82.9%
Landmarks by Year Completed
Chronological
Angkor Wat - c. 1150
81.3%
Landmarks by Year Completed
Chronological
Leaning Tower - 1372
80.3%
Landmarks by Year Completed
Chronological
Taj Mahal - 1653
79%
Landmarks by Year Completed
Chronological
Arc de Triomphe - 1836
78.5%
US Presidents by Days in Office
Most to Least
Franklin Roosevelt - 4422 Days
77.9%
MLB Teams by World Series Won
Most to Least
St. Louis Cardinals - 10
77.3%
MLB Teams by World Series Won
Most to Least
Pittsburgh Pirates - 5
73.6%
US Presidents by Days in Office
Most to Least
Grover Cleveland - 2922 Days
72.2%
MLB Teams by World Series Won
Most to Least
Detroit Tigers - 4
71.5%
MLB Teams by World Series Won
Most to Least
Baltimore Orioles -3
69.2%
US Presidents by Days in Office
Most to Least
Calvin Coolidge - 2040 Days
68.8%
Hint Answer % Correct
MLB Teams by World Series Won
Most to Least
Toronto Blue Jays - 2
66.6%
US Presidents by Days in Office
Most to Least
Benjamin Harrison - 1461 Days
65.8%
Solar System Objects by Diameter
Largest to Smallest
Venus - 12104 km
65.6%
MLB Teams by World Series Won
Most to Least
Arizona Diamondbacks - 1
64.8%
MLB Teams by World Series Won
Most to Least
San Diego Padres - 0
64.5%
US Presidents by Days in Office
Most to Least
Chester Arthur - 1262 Days
63.6%
Solar System Objects by Diameter
Largest to Smallest
Mars - 6780 km
63.5%
US Presidents by Days in Office
Most to Least
Gerald Ford - 895 Days
63.3%
US Presidents by Days in Office
Most to Least
Zachary Taylor - 491 Days
62.6%
Solar System Objects by Diameter
Largest to Smallest
Callisto - 4821 km
59%
Solar System Objects by Diameter
Largest to Smallest
Moon (Earth) - 3474
57.1%
Solar System Objects by Diameter
Largest to Smallest
Pluto - 2390 km
54.1%
Solar System Objects by Diameter
Largest to Smallest
Ceres - 950km
52%
Solar System Objects by Diameter
Largest to Smallest
Halley's Comet - 15 km x 8 km
50.4%

You're not logged in!

Compare scores with friends on all Sporcle quizzes.
OR
Log In

You Might Also Like...

Show Comments

Extras

Top Quizzes Today


Score Distribution

Your Account Isn't Verified!

In order to create a playlist on Sporcle, you need to verify the email address you used during registration. Go to your Sporcle Settings to finish the process.

Report this User

Report this user for behavior that violates our Community Guidelines.

Details: